Gross and developmental anatomy /

Bibliographic Details
Main Author: Moore, N. Anthony
Other Authors: Roy, William A.
Format: Book
Language:English
Published: Philadelphia : Mosby Elsevier, [2007]
Edition:Second edition.
Series:Rapid review series.
Subjects:

MARC

Tag First Indicator Second Indicator Subfields
LEADER 00000cam a22000004a 4500
001 in00004502621
005 20210920155124.0
008 060601s2007 paua 001 0 eng
010 |a  2006048211 
020 |a 0323045510 
020 |a 9780323045513 
035 |a (OCoLC)ocm70220003 
035 |a (OCoLC)70220003 
035 |z (UtOrBLW)42489 
035 |a 60455 
040 |a DLC  |c DLC  |d YDX  |d BAKER  |d BTCTA  |d YDXCP  |d YUS  |d TMV  |d UtOrBLW 
049 |a TMVM  |c 1  |c 2  |c 3 
060 1 0 |a QS 18.2  |b M823g 2007 
100 1 |a Moore, N. Anthony. 
245 1 0 |a Gross and developmental anatomy /  |c N. Anthony Moore, William A. Roy. 
246 3 |a Rapid review gross and developmental anatomy 
250 |a Second edition. 
264 1 |a Philadelphia :  |b Mosby Elsevier,  |c [2007] 
264 4 |c ©2007 
300 |a 382 pages :  |b illustrations ;  |c 24 cm. 
336 |a text  |2 rdacontent  |b txt 
337 |a unmediated  |2 rdamedia 
338 |a volume  |2 rdacarrier  |b nc 
490 1 |a Rapid review series 
650 0 |a Human anatomy. 
650 0 |a Human anatomy  |v Examinations, questions, etc. 
650 2 |a Anatomy. 
655 2 |a Examination Question. 
700 1 |a Roy, William A. 
830 0 |a Rapid review series. 
999 |a MARS 
999 f f |s 5f7342cb-7ade-3d2e-ac4d-d965e682e3ff  |i eb4446c9-6a99-3408-a791-d58528744372  |t 0 
952 f f |p ric  |a Texas A&M University  |b Rellis Campus  |c Joint Library Facility  |d Remote Storage  |t 0  |e QS 18.2 M823g 2007  |h National Library of Medicine classification  |i unmediated -- volume  |m 323890193695F 
998 f f |a QS 18.2 M823g 2007  |t 0  |l Remote Storage